00604cam a22001572 4500001001100000005001700011008004100028040001500069100004400084245014200128250001300270260004100283300001900324502004500343610005800388000002499420151217161558.0140410s xx 000 0 eng d aKABUcKABU1 aAtsango, Catherine Musungu.@000018283210aStrategies adopted by Kenyan sugar companies in response to globalization :ba case of Mumias Sugar Company /cCatherine Musungu Atsango. a1st ed. aNakuru :bKabarak University,c2012. aix, 43 leaves. aThesis (MBA) - Kabarak University, 2012.20aMumias Sugar Company (Kenya)xManagement.@0000185355